000 00534nam a2200217Ia 4500
008 210210b2011 xxu||||| |||| 00| 0 eng d
020 _a9789380937243
041 _aeng
082 _a362.795 BHAE
100 _aBHATIA (Vinita) Ed
245 _aExploitation and trafficking of children
260 _aNew delhi
_bAlfa publication.
_c2011
300 _av,260
650 _atrafficking
650 _aof
650 _aExploitation
650 _achildren
650 _aand
690 _aProblems of Children
906 _a066543
999 _c147968
_d147968